Now you see it : simple visualization techniques for quantitative analysis (Record no. 10890)
[ view plain ]
| 000 -LEADER | |
|---|---|
| fixed length control field | 00455 a2200157 4500 |
| 020 ## - INTERNATIONAL STANDARD BOOK NUMBER | |
| International Standard Book Number | 9780970601988 |
| 082 ## - DEWEY DECIMAL CLASSIFICATION NUMBER | |
| Classification number | 001.4226 |
| 090 ## - LOCALLY ASSIGNED LC-TYPE CALL NUMBER (OCLC); LOCAL CALL NUMBER (RLIN) | |
| -- | 7085 |
| -- | 7085 |
| 100 ## - MAIN ENTRY--PERSONAL NAME | |
| Personal name | Few, Stephen |
| 245 ## - TITLE STATEMENT | |
| Title | Now you see it : simple visualization techniques for quantitative analysis |
| Statement of responsibility, etc. | Stephen Few |
| 260 ## - PUBLICATION, DISTRIBUTION, ETC. | |
| Place of publication, distribution, etc. | California |
| Name of publisher, distributor, etc. | Analytic Press |
| Date of publication, distribution, etc. | 2009 |
| 300 ## - PHYSICAL DESCRIPTION | |
| Extent | 327 p. |
| 650 ## - SUBJECT ADDED ENTRY--TOPICAL TERM | |
| Topical term or geographic name entry element | Information visualization--Statistics |
| 700 ## - ADDED ENTRY--PERSONAL NAME | |
| Personal name | Stephen Few |
| 942 ## - ADDED ENTRY ELEMENTS (KOHA) | |
| Koha item type | Book |
| Call number prefix | 001.4226 FEW |
| Withdrawn status | Lost status | Source of classification or shelving scheme | Materials specified (bound volume or other part) | Damaged status | Not for loan | Permanent Location | Current Location | Date acquired | Total Checkouts | Total Renewals | Full call number | Barcode | Date last seen | Date last checked out | Koha item type |
|---|---|---|---|---|---|---|---|---|---|---|---|---|---|---|---|
| 2020-01-16 | Central Library (CL) | Central Library (CL) | 04/20/2012 | 3 | 3 | 001.4226 FEW | SEECS011240 | 03/26/2023 | 03/15/2021 | Book |
